| 000 | 00516nam a22001817a 4500 | ||
|---|---|---|---|
| 003 | NUST - PNEC | ||
| 005 | 20170116181051.0 | ||
| 008 | 150929b xxu||||| |||| 00| 0 eng d | ||
| 020 | _a007991146 | ||
| 040 | _cLIBRARY | ||
| 082 | _a621.3819 GOT | ||
| 100 |
_911876 _aGottfried, Byron S. |
||
| 245 |
_aScham's outline of theory and problems programming with basic _cByron S. Gottfried |
||
| 250 | _aThird Edition | ||
| 260 | _ac.1986 | ||
| 650 |
_911880 _aTheory and problems programming _xMIS |
||
| 942 |
_2ddc _cBK |
||
| 999 |
_c68390 _d68390 |
||